000 00561nam a2200169 i 4500
001 137498
003 ES-MaACL
005 20250820063043.0
007 t|
008 070214s1914 cu r ||||1| spa d
100 1 _aSánchez de Bustamante y Sirvén, Antonio,
_d1865-1951
_9102572
245 1 3 _aLa autarquía personal
_b: estudio de derecho internacional privado /
_cAntonio Sánchez de Bustamante y Sirvén.
260 _aLa Habana :
_bEl Siglo XXI,
_c1914.
300 _a269 p. ;
_c26 cm.
852 _aES-MaACL
_jC-2399
999 _c137498
_d137498